Pays où le droit du sol est automatique - Statistiques

Statistiques générales
  • Ce quiz a été pris 38 fois
  • Le résultat moyen est 20 sur 37
Statistiques - réponses
Indice Réponse % Correct
Amérique du nord États-Unis
97%
Amérique du nord Canada
91%
Amérique du nord Mexique
88%
Amérique du sud Brésil
81%
Amérique du sud Argentine
78%
Amérique du sud Bolivie
75%
Amérique du sud Pérou
75%
Amérique du sud Chili
72%
Amérique du sud Venezuela
69%
Amérique du nord Nicaragua
66%
Amérique du sud Uruguay
66%
Amérique du nord Cuba
63%
Amérique du nord Costa Rica
63%
Amérique du sud Guyana
63%
Amérique du sud Paraguay
63%
Amérique du nord Belize
59%
Amérique du sud Équateur
59%
Amérique du nord Panama
59%
Amérique du nord Salvador
59%
Amérique du nord Guatemala
56%
Amérique du nord Honduras
56%
Amérique du sud Suriname
53%
Amérique du nord Jamaïque
50%
Amérique du nord Barbade
44%
Amérique du nord Dominique
44%
Océanie Fidji
44%
Amérique du nord Saint-Vincent et les Grenadines
41%
Amérique du nord Saint-Christophe-et-Niévès
38%
Amérique du nord Trinité-et-Tobago
34%
Amérique du nord Grenade
34%
Amérique du nord Sainte-Lucie
34%
Amérique du nord Antigua-et-Barbuda
31%
Océanie Tuvalu
25%
Afrique Tanzanie
16%
Afrique Lesotho
13%
Asie Pakistan
6%
Afrique Tchad
6%
Aucun quiz correspondant
Distribution des résultats
% des personnes avec chaque résultat
Percentile par nombre de réponses
Votre historique - résultats
Vous n’avez pas pris ce quiz